00793nam a2200241Ia 4500008004100000020001500041050001100056050001500067100002600082245006200108245004000170260001800210260001900228260000900247300001700256300001100273650003600284650003400320650003200354650003100386999001900417952011500436160319s9999 xx 000 0 und d a9712719196 a302.23 bM464e 2007 aMaximiano, Jose Mario aEthics and social responsibility in mass communication /  c[edited by] Jose Mario B. Maximino. aPasig City :  bAnvil Pub. Inc c2007 a202 pages ;  c23 cm. aCommunication -- Philippines -- aMass media -- Philippines --  x Moral and ethical aspects. xMoral and ethical aspects. c292104d292104 001040aSSISBbSSISBcFILd2016-03-19l0oFil 302.23 M464e 2007pUS 1570r2016-03-19 00:00:00w2016-03-19yBK